000 00742nam a22002417a 4500
003 UA-OsUOA
001 45119
007 ta
008 20110926b un ||||| |||| 00| 0 ukr d
090 _a94(477).15
_bН12
942 _cBK
040 _aUA-OsUOA
_bukr
_cUA-OsUOA
_dUA-OsUOA
245 _aНа скрижалях історії
_bУкраїна-Канада: історія і сучасність
300 _a860 с.
955 _a4
041 _aukr
080 _a94(477).15
260 _aК.
_c2003
246 3 1 _aКнига 1
650 7 _a9 Географія. Біографії. Історія
_2UDC
999 _c425220
_d425220